000 00399nam a22001697a 4500
005 20160530114337.0
008 160530b xxu||||| |||| 00| 0 eng d
020 _a81-7866-417-8
041 _aeng
082 _b6032
100 _aGupta, S.L. & Rampal M.K.
_91506
245 _aSaces in Sales and Distributions Mgt.
260 _bHPH
300 _a167
650 _aManagement
_9241
942 _cBK
999 _c2130
_d2129